000 00709cam a2200205 a 4500
020 _a0471450510
020 _a0471706248 (pbk.)
040 _cUP
082 0 0 _a791 WIL 2004 A085 Or.
100 1 _aBreitbart, Andrew.
245 1 0 _aHollywood, interrupted :
_binsanity chic in Babylon-- the case against celebrity /
260 _aNew York :
_bWiley,
_c2004.
300 _axx, 394 p. ;
_c24 cm.
650 0 _aMotion picture actors and actresses
700 1 _aEbner, Mark C.
856 4 2 _uhttp://www.loc.gov/catdir/bios/wiley046/2004299042.html
856 4 2 _uhttp://www.loc.gov/catdir/description/wiley041/2004299042.html
856 4 1 _uhttp://www.loc.gov/catdir/toc/wiley041/2004299042.html
942 _cEK
999 _c13221
_d13221